| 000 | 00598nam a22002177a 4500 | ||
|---|---|---|---|
| 003 | OSt | ||
| 005 | 20140310181912.0 | ||
| 008 | 130713t xxu||||| |||| 00| 0 eng d | ||
| 020 | _a9717850135 | ||
| 050 |
_aBF 723 _b.P876 [ca.1990] |
||
| 082 |
_aTR 149.5 _bP86 19 |
||
| 245 |
_aThe Difference is You! _cPound, Harry D. |
||
| 260 |
_a(Makati, Philippines) : _b Harry Pound Company, _c19-- |
||
| 300 | _a32 p. | ||
| 520 | _a1. Success. 2. Optimism. 3. Attitudes. 4. Meliorism. | ||
| 521 | _aFaculty | ||
| 541 | _j1 | ||
| 541 | _j2 | ||
| 562 | _e2 | ||
| 942 |
_2lcc _cBK-TR _kTR |
||
| 999 |
_c6556 _d6556 |
||